Tlapka a Lapka /

Hlavní autor: Gottliebová, Iva, 1925-2021
Další autoři: Pavalová, Olga, 1930-1998
Jazyk: Čeština
Vydáno: Praha : Státní nakladatelství dětské knihy, 1965
Vydání: 1. vyd.
Fyzický popis: 48 s. : il.
Knihy
Uloženo v:
LEADER 00935cam a22002532a 4500
001 000748734
003 CZ BrMZK
005 20230517085336.0
007 ta
008 041109s1965 xr a er|||||||||||cze d
015 |a cnb000484658 
035 |a (OCoLC)42091590 
040 |a ABD005  |b cze  |c ABD005  |d ABD005  |d BOA001 
100 1 |a Gottliebová, Iva,  |d 1925-2021  |7 jo2006324981  |4 aut 
245 1 0 |a Tlapka a Lapka /  |c Ivana Lažanská ; ilustrovala Olga Pavalová 
250 |a 1. vyd. 
260 |a Praha :  |b Státní nakladatelství dětské knihy,  |c 1965 
300 |a 48 s. :  |b il. 
521 8 |a Pro děti od 4 let 
700 1 |a Pavalová, Olga,  |d 1930-1998  |7 jn20000401942  |4 ill 
910 |a BOA001  |b PK-N-0008.420  |b 3-0544.286 
990 |a BK 
996 6 |b 2618892543  |c 3-0544.286  |l MZK  |r Sklad / do 1 hodiny  |n 0  |w 000748734  |u 000020  |a 1  |e BOA001  |j MZK50  |s P 
996 6 |b BC-170193  |c PK-N-0008.420  |l MZK  |r Sklad / do 1 hodiny  |n 0  |w 000748734  |u 000010  |a 1  |e BOA001  |j MZK50  |s P